000 00388nam a2200157Ia 4500
005 20251020182608.0
008 200515s9999 xx 000 0 und d
082 _aSC/621.3(85)/P45
110 _aMinisterio de Energía y Minas
245 0 _aCódigo Nacional de electricidad
260 _aLima
260 _cs.a.
650 _aCODIGO ELECTRICO
650 _aELECTRICIDAD
942 _cLIB
999 _c3266
_d3266